000 00695nam a22002177a 4500
003 BUBTL
008 220508b ||||| |||| 00| 0 eng d
082 _a346.54910438/ M2786r/ 2004
100 _92419
_aMahmood, Shaukat
245 _aThe Registration Act (XVI of 1908) /
_cMahmood, Shaukat, Nadeem Shaukat
250 _a5th Edn.
260 _aLahore:
_bLegal Research Centre,
_cc2004
300 _avii, 352 p.:
_c21 cm.
500 _aIncludes Index
505 _aThe Registration Act (XVI of 1908), Mahmood, Shaukat, Nadeem Shaukat
650 0 _926
_aLaw
700 _92420
_a Shaukat, Nadeem
856 _k0
_l0
_yDownload
942 _2ddc
_cBK
999 _c6695
_d6695